Racionálne a bez veľkých investícií

Návrh na riešenie problému mestskej hromadnej dopravy v hlavnom meste SR Bratislave. Potreby a skutočnosti, z ktorých vychádza projekt základného - univerzálneho systému MHD. Návrh trasy. Etapovitosť výstavby. Rozpočtové náklady. Vyvolané investície. Časový plán výstavby.

Salvato in:
Dettagli Bibliografici
Autore principale: Milošovič, A.
Natura: Capitolo di libro
Lingua:slovacco
Soggetti:
Tags: Aggiungi Tag
Nessun Tag, puoi essere il primo ad aggiungerne!!

MARC

LEADER 00000naa a2200000 4500
001 r022650
005 20230801104451.6
041 0 |a slo 
044 |a SK 
245 1 0 |a Racionálne a bez veľkých investícií  |c A. Milošovič 
520 |a Návrh na riešenie problému mestskej hromadnej dopravy v hlavnom meste SR Bratislave. Potreby a skutočnosti, z ktorých vychádza projekt základného - univerzálneho systému MHD. Návrh trasy. Etapovitosť výstavby. Rozpočtové náklady. Vyvolané investície. Časový plán výstavby. 
610 2 0 |a Slovensko 
610 2 0 |a 1996-2000 
610 2 0 |a Bratislava 
610 2 0 |a doprava hromadná mestská 
610 2 0 |a metrá 
610 2 0 |a investície 
100 1 |a Milošovič, A.